000 005030000a22001810004500
041 0 _aSPA
082 0 4 _aG 270 M4291m
100 1 _aMathews, Basil
245 1 0 _aEn marcha al traves de las edades / Basil Mathews
260 _aMéxico, D.F. : Casa Unida de Publicaciones
300 _a263 Pag
500 _aTíulo Original : Forward through the ages
001 8228
942 _cBK
999 _c38413
_d38413
336 _atexto
_btxt
_2rdacontent
337 _2rdamedia
_asin mediación
_bn
338 _2rdacarrier
_avolumen
_bnc